Métiers de célébrités #2 - Statistiques

Statistiques générales
  • Ce quiz a été pris 423 fois
  • Le résultat moyen est 13 sur 20
Statistiques - réponses
Célébrités Métier % Correct
Leonardo DiCaprio, Pierre Niney, Marion Cotillard Acteur
100%
Charles Aznavour, Edith Piaf, Elvis Presley Chanteur
94%
Michael Jordan, Stephen Curry, LeBron James Basketteur
92%
Elisabeth, Victoria, Marie-Antoinette Reine
88%
Squeezie, Cyprien, M. Beast Youtubeur
88%
Michael Phelps, Léon Marchand, Laure Manaudou Nageur
87%
Max Verstappen, Lewis Hamilton, Charles Leclerc Pilote automobile
84%
Yves Saint Laurent, Karl Lagerfeld, Christian Dior Couturier
79%
Anne Hidalgo, Christian Estrosi, Martine Aubry Maire
79%
Jean de La Fontaine, Pierre de Ronsard, Louis Aragon Poète
78%
Kate Moss, Claudia Schiffer, Camille Rowe Mannequin
75%
Albert Einstein, Stephen Hawking, Marie Curie Physicien
70%
Pierre Hermé, François Perret, Cyril Lignac Pâtissier
68%
Jimi Hendrix, Jimmy Page, Sylvain Luc Guitariste
63%
Garry Kasparov, Magnus Carlsen, Hikaru Nakamura Joueur d'échecs
45%
Nicolas Copernic, Galilée, Claude Ptolémée Astronome
36%
Sigmund Freud, B. F. Skinner, Carl Rogers Psychologue
36%
Pierre Bourdieu, Émile Durkheim, Max Weber Sociologue
31%
Robert Capa ,Annie Leibovitz, Jacob Riis Photographe
11%
Renaud Van Ruymbeke, Lance Ito, Jean-Louis Bruguière Juge
7%
Aucun quiz correspondant
Distribution des résultats
% des personnes avec chaque résultat
Percentile par nombre de réponses
Votre historique - résultats
Vous n’avez pas pris ce quiz